The Great Car Model Quiz - Statistics

General Stats
  • This quiz has been taken 622 times
    397 since last reset
  • The average score is 66 of 250
Answer Stats
Picture Answer % Correct
Ford Mustang
82%
Porsche 911 Carrera
75%
Volkswagen Golf Mk8
75%
Mini Cooper
68%
Ford F-150
65%
Nissan GT-R
65%
Bugatti Veyron
64%
Honda Civic
64%
Lamborghini Huracán
62%
Audi R8
61%
Dodge Challenger
61%
Lamborghini Aventador Ultimae
61%
Toyota Corolla
61%
Bugatti Chiron
59%
Fiat 500
59%
Chevrolet Corvette C8
58%
Mazda MX-5
58%
Volkswagen Beetle
58%
BMW X5
57%
Honda Accord
57%
Audi A6
56%
Dodge Charger
56%
Ford Explorer
56%
Ford Focus
56%
Audi A5
53%
Chevrolet Camaro
53%
Ford Fiesta
53%
Lamborghini Urus
53%
Toyota Supra
53%
Mitsubishi Lancer Evo X
51%
Porsche Cayenne
51%
Cadillac Escalade
50%
Toyota Prius
50%
Dodge Viper
49%
Jeep Wrangler
49%
Mercedes-Benz S-Class
49%
Audi Q7
48%
Mclaren P1
48%
Mercede-Benz G-Class
48%
Ford Bronco
47%
Lamborghini Countach
47%
Chevrolet Silverado
46%
Rolls Royce Phantom
46%
Mclaren F1
45%
Renault Clio
45%
Aston Martin DB5
44%
Ferrari F40
44%
Mercedes-Benz C-Class
44%
Ford Model T
43%
Nissan Altima
43%
Toyota Rav4
43%
Acura/Honda NSX
42%
BMW X6
42%
Porsche Cayman
42%
Bentley Continental
41%
Lotus Elise
41%
Pagani Zonda S
41%
Audi A1
40%
Jeep Cherokee
40%
Toyota Land Cruiser
40%
Mercedes-Benz E-Class
39%
Jaguar E-Type
38%
Nissan 370Z
38%
Pagani Huayra
38%
Subaru Impreza
38%
Toyota Hilux
38%
AC/Shelby Cobra MkIII 427
37%
Toyota Camry
37%
BMW X7
36%
Ford Escort Mk2
36%
Jaguar F-Type
36%
Mclaren Senna
36%
Porsche 918 Spyder
36%
Alfa Romeo Giulia
35%
Aston Martin DB11
35%
BMW 5 Series
35%
Honda CR-V
35%
Mercedes-Benz AMG GT
35%
Peugeot 206
35%
Koenigsegg Agera
34%
Lancia Delta Integrale
34%
Lexus LFA
34%
Mazda RX-7
34%
Mazda RX-8
34%
Mercedes-Benz SLS AMG
34%
Subaru Forester
34%
Suzuki Swift
34%
BMW M1
33%
Land Rover Defender
33%
Pontiac Firebird Formula
33%
Porsche Carrera GT
33%
Kia Stinger
32%
Hyundai Elantra
31%
Koenigsegg Jesko
31%
Aston Martin Vanquish
30%
Bugatti EB110
30%
Mercedes-Benz AMG One
30%
Bentley Bentayga
29%
Dodge Durango
29%
Hyundai Tucson
29%
Škoda Octavia vRS
29%
Volvo S60
29%
BMW Isetta
28%
Citroën 2CV
28%
Ferrari 458 Italia
28%
Lada Niva
28%
Lamborghini Veneno
28%
Renault 5
28%
Rolls Royce Cullinan
28%
Smart Fortwo
28%
Alfa Romeo 8C
27%
Lancia Stratos
27%
Porsche 959
27%
Ferrari Purosangue
26%
Lamborghini Revuelto
26%
Maserati MC20
26%
Peugeot 3008
26%
Rimac Nevera
26%
Chevrolet Impala
25%
Ferrari 812 Superfast
25%
Ferrari Dino
25%
Ferrari Roma
25%
Opel Corsa
25%
Opel/Vauxhall Astra
25%
Ram 1500 Rebel
25%
Škoda Fabia
25%
Volvo XC90
25%
Koenigsegg Regera
24%
BMW 2002
23%
Bugatti Divo
23%
Ferrari F8
23%
Ferrari SF90 Stradale
23%
Hyundai i30
23%
Nissan Silvia S15
23%
Volkswagen Touareg
23%
Alfa Romeo Stelvio
22%
Bugatti Bolide
22%
Ferrari 250 GTO
22%
Holden Commodore/Chevrolet SS
22%
Opel/Vauxhall Insignia/Buick Regal
22%
Pontiac GTO
22%
Citroën C4
21%
Honda CRX
21%
Saleen S7
21%
Chrysler 300C
20%
Datsun 240Z/Nissan Fairlady Z
20%
Ford Expedition
20%
Lotus Evija
20%
Renault Mégane E-Tech
20%
Acura/Honda Integra
19%
Chevrolet Equinox
19%
Jaguar F-Pace
19%
Kia Ceed
19%
Lamborghini Sián FKP 37
19%
Mercedes-Benz CLK GTR
19%
Alfa Romeo Tonale
18%
Chevrolet Chevelle
18%
Nissan Pathfinder
18%
Bugatti Tourbillon
17%
GMC Typhoon
17%
Mazda 5
17%
Opel GT/Saturn Sky
17%
Plymouth Barracuda
17%
TVR Tuscan
17%
Bugatti La Voiture Noire
16%
DeLorean DMC-12
16%
Infiniti Q50
16%
Lada Riva/2105/2107/2104
15%
Mitsubishi 3000GT/GTO
15%
Volvo 850
15%
Lincoln Continental
14%
Autozam AZ-1
13%
DS 3
13%
Ford Falcon
13%
KTM X-Bow XR
13%
TVR Griffith
13%
Jensen Interceptor
12%
Lamborghini Jalpa
12%
Škoda Kodiaq
12%
Zenvo ST1
12%
Chevrolet Traverse
11%
Fiat 124 Spyder
11%
Jeep Avenger
11%
Mclaren 675LT
11%
Peugeot 504
11%
Spyker C8 Preliator
11%
Fiat Grande Panda
9%
FSO Polonez
9%
Mercedes-Benz 300 SLR
9%
Mercury Cougar
9%
Citroën Ami 8
8%
GMC Acadia
8%
Maserati GranTurismo
8%
Renault 16
8%
Buick LaCrosse
7%
Citroën Mehari
7%
Donkervoort D8 GT
7%
Hyundai Staria
7%
Maserati Shamal
7%
Plymouth Fury
7%
Rolls Royce Silver Spur
7%
Studebaker Avanti
7%
Austin-Healey 3000
6%
Caterham Seven 160
6%
Chevrolet Citation
6%
Daewoo Nubira
6%
Honda S600
6%
TVR Chimaera
6%
Volvo 121 Amazon
6%
Volvo 480
6%
Zastava Yugo 45A
6%
Fiat Tempra
5%
Messerschmitt KR200
5%
Morgan Plus Four
5%
Reliant Regal
5%
Triumph Herald
5%
Bristol Fighter
4%
Lada Vesta
4%
Mitsuoka Buddy
4%
Renault Latitude
4%
Renault Rodeo
4%
Toyota Sports 800
4%
Toyota Will
4%
Aixam Mega Track
3%
Alfa Romeo GTA 1300 Junior
3%
Apollo Arrow
3%
Bizzarrini 5300 GT Strada
3%
Fiat/Zastava 128
3%
Ford Zephyr
3%
Holden HSV Maloo R8 LSA
3%
Isuzu/Holden Piazza
3%
Lancia Aurelia B51
3%
Mazda Eunos Cosmo
3%
Mazda Repu
3%
Panoz Esperante
3%
Renault 30
3%
Talbot Solara
3%
TVR Tasmin
3%
Venturi 400 GT
3%
Bufori Geneva
2%
Ginetta G60
2%
Proton Saga
2%
Vauxhall Firenza
2%
Zastava 101
2%
Arash AF8
1%
DeTomaso Deauville
1%
Isdera Imperator 108i
1%
Siata 208 CS
1%
Suzuki XL7
1%
Tatra 613
1%
No matching quizzes found
Score Distribution
Percent of People with Each Score
Percentile by Number Answered
Your Score History
You have not taken this quiz since the last reset